[Event "73. Bezirkseinzelmeisterschaft 2018-19"]
[Site "Dortmund"]
[Date "2019.08.13"]
[Round "2.18"]
[White "Kommessin, Sabine"]
[Black "Winkler, Daniel"]
[Result "1-0"]
[WhiteElo "966"]
[BlackElo "1364"]
[PlyCount "101"]
[EventDate "2019.??.??"]
[WhiteTeam "DJK Ewaldi Aplerbeck"]
[BlackTeam "SV Eichlinghofen"]

1. e4 c5 2. Bc4 d6 3. h3 e5 4. Nf3 h6 5. O-O Nf6 6. d3 Bd7 7. Bd2 a5 8. a3 b5
9. Ba2 b4 10. c3 Na6 11. Bxf7+ Kxf7 12. d4 cxd4 13. cxd4 Nxe4 14. Qe2 Nxd2 15.
Nbxd2 Qe8 16. Qe3 exd4 17. Qxd4 Nc5 18. Rae1 Ne6 19. Qd5 Be7 20. Nd4 Bf6 21.
Nf5 Kg6 22. Nxd6 Nc7 23. Qd3+ Kh5 24. Nxe8 Bxe8 25. Qf3+ Kg6 26. Qg3+ Bg5 27.
Ne4 Ne6 28. Nxg5 Nxg5 29. f4 Bb5 30. Rf2 Rhe8 31. Rxe8 Rxe8 32. Rd2 Rc8 33.
fxg5 hxg5 34. Qe5 Rc1+ 35. Kf2 Rf1+ 36. Kg3 Bc6 37. Rd6+ Rf6 38. Rd2 Kh5 39.
Rd8 Rh6 40. h4 Kg6 41. Qxg5+ Kh7 42. h5 bxa3 43. bxa3 Be4 44. Kh4 Bg6 45. g4 a4
46. Qe5 Bf7 47. Qe7 Rf6 48. Qf8 g5+ 49. Kxg5 Rf5+ 50. gxf5 Bxh5 51. Qh8# 1-0

[Event "73. Bezirkseinzelmeisterschaft 2018-19"]
[Site "Dortmund"]
[Date "2019.08.13"]
[Round "2.19"]
[White "Jentzsch, Werner Wilfried"]
[Black "Ait Khouya, Muhammad"]
[Result "1-0"]
[WhiteElo "1338"]
[BlackElo "1015"]
[PlyCount "63"]
[EventDate "2019.??.??"]
[WhiteTeam "SF Brackel"]
[BlackTeam "SF Brackel"]

1. d4 d5 2. Nc3 Nf6 3. Bf4 Nc6 4. Nb5 e5 5. Bxe5 Nxe5 6. dxe5 Bd7 7. Nxc7+ Qxc7
8. exf6 gxf6 9. Qxd5 Qxc2 10. a3 Qxb2 11. Rd1 Qc3+ 12. Rd2 Bc6 13. Qd3 Qxd3 14.
Rxd3 Bb5 15. Re3+ Kd7 16. Nf3 Rd8 17. Rb3 a6 18. Nd4 Bc6 19. Rd3 Kc8 20. Nxc6
Rxd3 21. Na7+ Kb8 22. Nc6+ Kc7 23. exd3 Kxc6 24. a4 Bb4+ 25. Kd1 Kb6 26. Kc2
Ka5 27. g3 Kxa4 28. Bg2 b5 29. Bb7 a5 30. Ra1+ Ba3 31. d4 b4 32. Bc6# 1-0

[Event "73. Bezirkseinzelmeisterschaft 2018-19"]
[Site "Dortmund"]
[Date "2019.08.13"]
[Round "2.20"]
[White "Dementyev, Sergei"]
[Black "Fischer, Gerhard"]
[Result "0-1"]
[WhiteElo "846"]
[BlackElo "1330"]
[PlyCount "78"]
[EventDate "2019.??.??"]
[WhiteTeam "SF Brackel"]
[BlackTeam "Marten-Bövinghausen"]

1. e4 g6 2. d4 Bg7 3. Bc4 d6 4. Nf3 Bg4 5. Be3 Nd7 6. Nc3 h6 7. O-O e6 8. h3
Bxf3 9. Qxf3 a6 10. a3 Ne7 11. Rad1 O-O 12. Rd3 Nb6 13. Bb3 d5 14. e5 Nf5 15.
Re1 Nxe3 16. Rdxe3 Nd7 17. Ne2 c5 18. dxc5 Nxc5 19. Nd4 Nxb3 20. Rxb3 Qc7 21.
Rbe3 Qb6 22. Nb3 Rac8 23. Rc3 Rc7 24. Ree3 Rfc8 25. Rxc7 Rxc7 26. Re2 Rc4 27.
Qd3 Qc7 28. Qe3 Rxc2 29. Rxc2 Qxc2 30. Nd2 Qxb2 31. a4 Bxe5 32. Qxh6 Qc1+ 33.
Nf1 Qxh6 34. f3 Bd4+ 35. Kh2 Qc1 36. Kg3 Qxf1 37. h4 Bf2+ 38. Kh3 Qh1+ 39. Kg4
Qxh4# 0-1

[Event "73. Bezirkseinzelmeisterschaft 2018-19"]
[Site "Dortmund"]
[Date "2019.08.13"]
[Round "2.21"]
[White "Bensch, Christian"]
[Black "Böckmann, Lieselotte"]
[Result "1-0"]
[WhiteElo "1329"]
[BlackElo "958"]
[PlyCount "45"]
[EventDate "2019.??.??"]
[WhiteTeam "SC Wambel 77"]
[BlackTeam "FS 98 Dortmund"]

1. e4 e6 2. d4 d5 3. Nd2 Nf6 4. e5 Nfd7 5. Ngf3 c5 6. c3 Nc6 7. Bd3 Qb6 8. dxc5
Bxc5 9. Qe2 O-O 10. Nb3 Be7 11. Nbd4 f6 12. Nxe6 Ndxe5 13. Nxf8 Bg4 14. Be3
Qxb2 (14... Nxd3+ 15. Qxd3 Qxb2) 15. Bxh7+ Kxf8 16. Qxb2 Nd3+ 17. Bxd3 b6 18.
Nd4 Ne5 19. Be2 Bxe2 20. Qxe2 Rc8 21. Rc1 Nc4 22. Qh5 Kg8 23. Qxd5+ 1-0

[Event "73. Bezirkseinzelmeisterschaft 2018-19"]
[Site "Dortmund"]
[Date "2019.08.14"]
[Round "3.1"]
[White "Luft, Dennis"]
[Black "Sprungala, Erik"]
[Result "1-0"]
[WhiteElo "2299"]
[BlackElo "1833"]
[PlyCount "61"]
[EventDate "2019.??.??"]
[WhiteTeam "SF Brackel"]
[BlackTeam "SV Rochade Eving"]

1. e4 c5 2. d3 Nc6 3. g3 g6 4. Bg2 Bg7 5. f4 d6 6. Nf3 e5 7. O-O Nge7 8. c3 O-O
9. Be3 b6 10. Qd2 Ba6 11. Rd1 d5 12. Nxe5 Nxe5 13. fxe5 Bxe5 14. Bh6 Re8 15. d4
cxd4 16. cxd4 Bg7 17. e5 Bxh6 18. Qxh6 Bc8 19. Nc3 Be6 20. Qf4 Qd7 21. Rf1 Rf8
22. Rf2 b5 23. Raf1 b4 24. Nd1 Nc6 25. Ne3 b3 26. a3 Na5 27. h4 h5 28. Bf3 Rac8
29. Bxh5 gxh5 30. Qg5+ Kh8 31. Rf6 1-0

[Event "73. Bezirkseinzelmeisterschaft 2018-19"]
[Site "Dortmund"]
[Date "2019.08.14"]
[Round "3.2"]
[White "Schulz-Runge, Michael"]
[Black "Wichtrup, Jan-Louis"]
[Result "1-0"]
[WhiteElo "1758"]
[BlackElo "2170"]
[PlyCount "111"]
[EventDate "2019.??.??"]
[WhiteTeam "FS 98 Dortmund"]
[BlackTeam "Dortmunder SV 1875"]

1. c4 e6 2. g3 d5 3. Bg2 Nf6 4. Nf3 Be7 5. b3 O-O 6. Bb2 c5 7. O-O b6 8. d3 Bb7
9. Ne5 Nfd7 10. Qc2 Nxe5 11. Bxe5 Nc6 12. Bb2 d4 13. a3 e5 14. Nd2 Qd7 15. Rad1
Bd6 16. Bc1 Kh8 17. Ne4 Bc7 18. f3 f5 19. Nf2 Bd6 20. Bd2 a6 21. Bh3 Qf7 22.
Qc1 Rae8 23. Rde1 Qg6 24. Kh1 Nb8 25. Bg2 Nd7 26. b4 Nf6 27. bxc5 Bxc5 28. Bb4
e4 29. Bxc5 bxc5 30. Qf4 Nh5 31. Qh4 e3 32. Nh3 f4 $11 33. g4 Nf6 34. Rb1 Rb8
35. Nxf4 Qe8 36. g5 Nd7 37. Bh3 Ne5 38. Bg2 Ng6 39. Nxg6+ Qxg6 40. Qg3 Qe8 41.
Qc7 Qc6 42. Qe5 Rfe8 43. Qg3 Qc8 44. a4 Bc6 45. a5 Qd8 46. h4 Kg8 47. h5 Rb4
48. Rxb4 cxb4 49. f4 Bxg2+ 50. Qxg2 Qxa5 51. f5 Rf8 52. f6 Qd8 53. g6 Rxf6 54.
Rxf6 Qxf6 55. Qa8+ Qf8 56. gxh7+ 1-0

[Event "73. Bezirkseinzelmeisterschaft 2018-19"]
[Site "Dortmund"]
[Date "2019.08.14"]
[Round "3.3"]
[White "Alghawi, Abdullah"]
[Black "Barskij, Aleksandr"]
[Result "1-0"]
[WhiteElo "1906"]
[BlackElo "1890"]
[PlyCount "145"]
[EventDate "2019.??.??"]
[WhiteTeam "FS 98 Dortmund"]
[BlackTeam "SF Brackel"]

1. Nf3 d5 2. g3 Bg4 3. Bg2 Nd7 4. O-O c6 5. d3 e5 6. e4 Qc7 7. c3 Ngf6 8. Nbd2
Bd6 9. Qc2 O-O 10. Nh4 Rfe8 11. Nf5 Bxf5 12. exf5 Re7 13. a4 Rae8 14. a5 e4 15.
dxe4 Nxe4 16. Nxe4 dxe4 17. b4 Nf6 18. Re1 h6 19. Be3 c5 20. b5 Qc8 21. Red1
Be5 22. Bh3 g5 23. Ra4 Rd7 24. b6 Rxd1+ 25. Qxd1 a6 26. Rc4 Rd8 27. Qe2 Bd6 28.
Qc2 g4 29. Bg2 Qxf5 30. Bxe4 Nxe4 31. Qxe4 Qxe4 32. Rxe4 h5 33. Kg2 Kg7 34. h3
f5 35. Rc4 Rc8 36. f3 gxf3+ 37. Kxf3 Kg6 38. Bf4 Bxf4 39. Kxf4 Rc6 40. Ke5 Kg5
41. Kd5 Kf6 42. Rxc5 Re6 43. Rc7 Re5+ 44. Kd4 Rxa5 45. Rxb7 Ke6 46. Ra7 Kd6 47.
Rh7 Rd5+ 48. Kc4 Rc5+ 49. Kd4 Rd5+ 50. Ke3 Rb5 51. b7 a5 52. Rxh5 Rxb7 53. Rxf5
Ra7 54. Rf2 a4 55. Ra2 a3 56. Kd4 Rh7 57. Rxa3 Rxh3 58. c4 Rh1 59. Ra6+ Kc7 60.
Rg6 Rd1+ 61. Kc5 Rf1 62. Rg7+ Kb8 63. g4 Rf4 64. g5 Rg4 65. Kb6 Kc8 66. c5 Rg1
67. g6 Rg2 68. Rc7+ Kb8 69. g7 Rg6+ 70. c6 Rg1 71. Rb7+ Kc8 72. Rf7 Rb1+ 73.
Kc5 1-0

[Event "73. Bezirkseinzelmeisterschaft 2018-19"]
[Site "Dortmund"]
[Date "2019.08.14"]
[Round "3.4"]
[White "Slanina, Aaron"]
[Black "Kantor, Nikita"]
[Result "1-0"]
[WhiteElo "1808"]
[BlackElo "1847"]
[PlyCount "39"]
[EventDate "2019.??.??"]
[WhiteTeam "SF Brackel"]
[BlackTeam "SF Brackel"]

1. e4 e5 2. Nf3 Nc6 3. Bb5 a6 4. Ba4 b5 5. Bb3 Na5 6. Bxf7+ Kxf7 7. Nxe5+ Ke7
8. Nc3 Bb7 9. d3 d6 10. Bg5+ Nf6 11. Ng4 Kf7 12. O-O Be7 13. f4 Kg8 14. Rf2 h6
15. Bxf6 gxf6 16. Ne3 Bc8 17. Qh5 Rh7 18. Qd5+ Be6 19. Qxe6+ Kh8 20. Nf5 1-0

[Event "73. Bezirkseinzelmeisterschaft 2018-19"]
[Site "Dortmund"]
[Date "2019.08.14"]
[Round "3.5"]
[White "Strack, Patrick"]
[Black "Grube, Jörg"]
[Result "1-0"]
[WhiteElo "1627"]
[BlackElo "1815"]
[PlyCount "87"]
[EventDate "2019.??.??"]
[WhiteTeam "SF Brackel"]
[BlackTeam "FS 98 Dortmund"]

1. e4 a6 2. d4 b5 3. Bd3 Bb7 4. Nf3 Nf6 5. Nbd2 e6 6. O-O c5 7. c3 Qb6 8. Re1
Be7 9. Nf1 cxd4 10. cxd4 Nc6 11. Bb1 Rc8 12. Bf4 d5 13. e5 Ne4 14. Be3 Na5 15.
Ng3 Nc4 16. Qe2 O-O 17. Nxe4 dxe4 18. Nd2 Bb4 19. Nxe4 Bxe4 20. Bxe4 Nxe3 21.
fxe3 Bxe1 22. Rxe1 f5 23. exf6 Rxf6 24. Qd3 h6 25. d5 exd5 26. Bxd5+ Kh8 27.
Kh1 Qc7 28. h3 Qe5 29. b4 Rc3 30. Qd2 Rd6 31. e4 Rf6 32. Bb7 Rd6 33. Qf2 Rc7
34. Bd5 Rf6 35. Qd2 Rc3 36. Bb7 Rd6 37. Qf2 Rf6 38. Qd2 Rc7 39. Qd8+ Kh7 40.
Bd5 Qg3 41. Rd1 Rf2 42. Bg8+ Kg6 43. Rd6+ Rf6 44. Qe8+ 1-0

[Event "73. Bezirkseinzelmeisterschaft 2018-19"]
[Site "Dortmund"]
[Date "2019.08.14"]
[Round "3.7"]
[White "Begna, Bozidar"]
[Black "Rauschenbusch, Udo"]
[Result "1-0"]
[WhiteElo "2042"]
[BlackElo "1637"]
[PlyCount "131"]
[EventDate "2019.??.??"]
[WhiteTeam "SC Hansa Dortmund"]
[BlackTeam "FS 98 Dortmund"]

1. e4 c5 2. Nf3 g6 3. c3 Bg7 4. d4 cxd4 5. cxd4 Nf6 6. Nc3 d6 7. Bd3 O-O 8. O-O
Nc6 9. Qe2 a6 10. Rd1 b5 11. e5 Ne8 12. Bf4 Bg4 13. Be4 Rc8 14. h3 Bxf3 15.
Bxf3 e6 16. exd6 Nxd6 17. Be5 Qe7 18. Bxg7 Kxg7 19. Bxc6 Rxc6 20. d5 Rb6 21. b3
e5 $11 22. Qd3 Rfb8 23. Re1 f6 24. g4 R6b7 25. g5 Re8 26. gxf6+ Qxf6 27. Ne4
Nxe4 28. Qxe4 Rd7 29. Rad1 Qd6 30. Kh1 Rde7 31. Rc1 Rd8 32. Red1 Qd7 33. Kg2
Rf8 34. d6 Qb7 35. Qxb7 Rxb7 36. Rc7+ Rxc7 37. dxc7 Rc8 38. Rd7+ Kf6 39. Rxh7
a5 40. Kf3 Kf5 41. Ke3 Ke6 42. Ke4 a4 43. bxa4 bxa4 44. a3 Rf8 45. f3 Rf4+ 46.
Ke3 Rc4 47. Kd3 Rc5 48. Rg7 Kf5 49. Rf7+ Ke6 50. Rh7 Kf5 51. Rh4 Rxc7 52. Rxa4
g5 53. h4 gxh4 54. Rxh4 Ra7 55. a4 Ke6 56. Rb4 Kf5 57. Ke3 Ra5 58. Kd3 Ke6 59.
Kc3 Rc5+ 60. Rc4 Ra5 61. Kb4 Rd5 62. a5 Rd1 63. Rc3 Ra1 64. Kb5 Kd6 65. Kb6 Kd7
66. a6 1-0

[Event "73. Bezirkseinzelmeisterschaft 2018-19"]
[Site "Dortmund"]
[Date "2019.08.14"]
[Round "3.8"]
[White "Kaluza, Lucas"]
[Black "Lauche, Christoph"]
[Result "1-0"]
[WhiteElo "1528"]
[BlackElo "1775"]
[PlyCount "60"]
[EventDate "2019.??.??"]
[WhiteTeam "SF Brackel"]
[BlackTeam "FS 98 Dortmund"]

1. d4 d5 2. c4 e6 3. Nc3 c5 4. cxd5 cxd4 5. Qa4+ Bd7 6. Qxd4 exd5 7. Qxd5 Nc6
8. e3 Nf6 9. Qd1 a6 10. Nf3 Qc7 11. Be2 Bd6 12. O-O O-O 13. Bd2 Bf5 14. Rc1
Rad8 15. Kh1 Rfe8 16. Qb3 Qb8 17. Rfd1 Ng4 18. Be1 Re6 19. Ng5 Be7 20. Rxd8+
Bxd8 21. Bxg4 Na5 22. Qd5 Bxg4 23. Nce4 Bxg5 24. Nxg5 Re5 25. Qxf7+ Kh8 26. f4
Rxe3 27. Bc3 Qg8 28. Qxg8+ Kxg8 29. Bxa5 h6 30. Nf3 Re2 1-0

[Event "73. Bezirkseinzelmeisterschaft 2018-19"]
[Site "Dortmund"]
[Date "2019.08.14"]
[Round "3.9"]
[White "Jähnicke, Karl-Heinz"]
[Black "Borch, Roland"]
[Result "1-0"]
[WhiteElo "1774"]
[BlackElo "1520"]
[PlyCount "69"]
[EventDate "2019.??.??"]
[WhiteTeam "SV Rochade Eving"]
[BlackTeam "Marten-Bövinghausen"]

1. d4 g6 2. c4 Bg7 3. Nc3 c5 4. e3 Nf6 5. Nf3 O-O 6. Be2 d6 7. O-O cxd4 8. exd4
Bd7 9. Ng5 Nc6 10. Be3 h6 11. Nf3 Ng4 12. Bf4 e5 13. dxe5 dxe5 14. Bg3 f5 15.
Nh4 Kh7 16. h3 Nf6 17. Nf3 Qa5 18. a3 e4 19. b4 Qd8 20. Ne5 Nxe5 21. Bxe5 Be6
22. Qc2 Qc8 23. Nb5 Qc6 24. Rad1 Rfd8 25. Nxa7 Qe8 26. Nb5 Qg8 27. Bc7 Rxd1 28.
Rxd1 Nd7 29. Qd2 Ne5 30. c5 Nc4 31. Bxc4 Bxc4 32. Qd7 Bd3 33. Nd4 Kh8 34. a4
Re8 35. c6 1-0

[Event "73. Bezirkseinzelmeisterschaft 2018-19"]
[Site "Dortmund"]
[Date "2019.08.14"]
[Round "3.10"]
[White "Surmann, Christoph"]
[Black "Zabel, Reinhard"]
[Result "1-0"]
[WhiteElo "1764"]
[BlackElo "1417"]
[PlyCount "47"]
[EventDate "2019.??.??"]
[WhiteTeam "Dortmunder SV 1875"]
[BlackTeam "DB Brambauer"]

1. d4 d5 2. c4 e6 3. Nc3 Nf6 4. cxd5 exd5 5. Bg5 Be6 6. e3 Be7 7. Bd3 h6 8. Bh4
Nbd7 9. Nge2 Nh7 10. Bg3 a6 11. Nf4 Nhf6 12. Nxe6 fxe6 13. Bg6+ Kf8 14. O-O c5
15. f4 Bd6 16. Bh4 Qc7 17. Qf3 c4 18. Qh3 Ke7 19. f5 Nf8 20. fxe6 Qc6 21. Bxf6+
gxf6 22. Bf7 Bb4 23. Qf5 Nxe6 24. Nxd5+ 1-0

[Event "73. Bezirkseinzelmeisterschaft 2018-19"]
[Site "Dortmund"]
[Date "2019.08.14"]
[Round "3.11"]
[White "Ziemek, Gerhard"]
[Black "Richter, Jan"]
[Result "0-1"]
[WhiteElo "1519"]
[BlackElo "1745"]
[PlyCount "56"]
[EventDate "2019.??.??"]
[WhiteTeam "Marten-Bövinghausen"]
[BlackTeam "SV Eichlinghofen"]

1. d4 f5 2. Nc3 Nf6 3. Bg5 e6 4. e4 fxe4 5. Nxe4 Be7 6. Bxf6 Bxf6 7. c3 O-O 8.
Bd3 Nc6 9. h4 d6 10. Nf3 e5 11. d5 Ne7 12. Nfg5 g6 13. c4 h6 14. Nxf6+ Rxf6 15.
Ne4 Rf7 16. g4 Kg7 17. Qe2 Ng8 18. g5 h5 19. O-O-O Bg4 20. Qe3 Bxd1 21. Rxd1
Qf8 22. Rf1 Rf3 23. Qd2 Qf4 24. Qxf4 Rxf4 25. Rh1 Ne7 26. Kd2 Nf5 27. Ke2 Rxh4
28. Rxh4 Nxh4 0-1

[Event "73. Bezirkseinzelmeisterschaft 2018-19"]
[Site "Dortmund"]
[Date "2019.08.14"]
[Round "3.12"]
[White "Krams, Amatus"]
[Black "Kommessin, Sabine"]
[Result "1-0"]
[WhiteElo "1729"]
[BlackElo "966"]
[PlyCount "71"]
[EventDate "2019.??.??"]
[WhiteTeam "SV Rochade Eving"]
[BlackTeam "DJK Ewaldi Aplerbeck"]

1. e4 e5 2. Nf3 Nc6 3. Bc4 Nf6 4. Ng5 d5 5. exd5 Nxd5 6. Nxf7 Kxf7 7. Qf3+ Ke6
8. Nc3 Ncb4 9. Qe4 c6 10. a3 b5 11. Bb3 Nxc2+ 12. Qxc2 Kd6 13. Bxd5 cxd5 14.
Nxd5 Bb7 15. Ne3 Ke7 16. Qc5+ Ke6 17. Qxb5 Rb8 18. Qc4+ Kf6 19. O-O Rc8 20.
Qh4+ g5 21. Qg4 Kg7 22. b4 Bd6 23. Bb2 Rf8 24. Nf5+ Kg8 25. Nxd6 Rf4 26. Qe6+
Kf8 27. Bxe5 Rc6 28. Bxf4 Rxd6 29. Bxd6+ Kg7 30. Be5+ Kf8 31. Rac1 Bd5 32. Bd6+
Kg7 33. Qxd5 Kg6 34. Rc7 Kh5 35. Rxh7+ Kg4 36. Qf3# 1-0

[Event "73. Bezirkseinzelmeisterschaft 2018-19"]
[Site "Dortmund"]
[Date "2019.08.14"]
[Round "3.13"]
[White "Pachura, Karl-Heinz"]
[Black "Tomasjan, Samuel"]
[Result "1-0"]
[WhiteElo "1435"]
[BlackElo "1662"]
[PlyCount "79"]
[EventDate "2019.??.??"]
[WhiteTeam "SF Brackel"]
[BlackTeam "SF Brackel"]

1. e4 e6 2. d4 d5 3. e5 c5 4. dxc5 Bxc5 5. c3 Nc6 6. Nf3 a6 7. Bd3 Nge7 8. Bg5
h6 9. Bh4 Bd7 10. O-O g5 11. Bg3 Qc7 12. Qe2 g4 13. Nh4 h5 14. Kh1 d4 15. f4
O-O-O 16. Nd2 Nd5 17. Ne4 Ba7 18. Nd6+ Kb8 19. Nxf7 dxc3 20. Nxd8 cxb2 21. Qxb2
Bd4 22. Qb3 Bxa1 23. Rxa1 Rxd8 24. Bxa6 Na5 25. Qb2 Bc6 26. f5 Re8 27. Bf1 Ka8
28. Rc1 Ne3 29. f6 Rc8 30. Kg1 Nxf1 31. Rxf1 Nc4 32. Qd4 Bb5 33. Bf2 b6 34. Rc1
Rd8 35. Qe4+ Kb8 36. Ng6 Rd2 37. Nf4 Qxe5 38. Qxe5+ Nxe5 39. Bxb6 h4 40. Bc7+
1-0

[Event "73. Bezirkseinzelmeisterschaft 2018-19"]
[Site "Dortmund"]
[Date "2019.08.14"]
[Round "3.14"]
[White "Sonntag, Hans-Joachim"]
[Black "Jentzsch, Werner Wilfried"]
[Result "1-0"]
[WhiteElo "1700"]
[BlackElo "1338"]
[PlyCount "69"]
[EventDate "2019.??.??"]
[WhiteTeam "FS 98 Dortmund"]
[BlackTeam "SF Brackel"]

1. e4 e5 2. Nf3 Nc6 3. Bc4 h6 4. d4 d6 5. d5 Nce7 6. Nc3 Nf6 7. h3 Ng6 8. Be3
Bd7 9. Qe2 a6 10. a4 c6 11. a5 c5 12. O-O Be7 13. Rfb1 Qc8 14. Kh2 Nh7 15. Bb3
Ng5 16. Ba4 O-O 17. Bxd7 Nxf3+ 18. Qxf3 Qxd7 19. Na4 Bd8 20. b4 b5 21. axb6
cxb4 22. Rxb4 Qb7 23. c4 Be7 24. c5 dxc5 25. Bxc5 Rfc8 26. d6 Bd8 27. Be3 Rab8
28. Nc5 Rxc5 29. Bxc5 Rc8 30. Be3 Rc6 31. Qd1 Nf4 32. Bxf4 exf4 33. Qd5 Bxb6
34. Rab1 a5 35. Rxb6 1-0

[Event "73. Bezirkseinzelmeisterschaft 2018-19"]
[Site "Dortmund"]
[Date "2019.08.14"]
[Round "3.15"]
[White "Fischer, Gerhard"]
[Black "Krug, Michael"]
[Result "0-1"]
[WhiteElo "1330"]
[BlackElo "1891"]
[PlyCount "86"]
[EventDate "2019.??.??"]
[WhiteTeam "Marten-Bövinghausen"]
[BlackTeam "SC Wambel 77"]

1. b4 d5 2. Bb2 Qd6 3. b5 Qb4 4. Qc1 Qxb5 5. e3 Qd7 6. Nf3 Nf6 7. Be2 e6 8. O-O
c5 9. c4 Nc6 10. d4 cxd4 11. Nxd4 Bb4 12. cxd5 Nxd4 13. Bxd4 O-O 14. dxe6 Qxe6
15. Bc5 Bxc5 16. Qxc5 Ne4 17. Qc4 Rd8 18. Qxe6 Bxe6 19. f3 Nd2 20. Rd1 Nc4 21.
Rxd8+ Rxd8 22. Kf2 b5 23. Nc3 b4 24. Nb5 Rd2 25. Nd4 Na3 26. Nxe6 fxe6 27. Ke1
Rb2 28. Kd1 Kf7 29. h4 a5 30. g4 Ke7 31. f4 Kd6 32. e4 e5 33. f5 Nb1 34. Bc4
Nc3+ 35. Kc1 Rh2 36. a3 Rh1+ 37. Kb2 Rxa1 38. Kxa1 Nxe4 39. axb4 axb4 40. Kb2
Kc5 41. Be2 Ng3 42. Bd1 e4 43. h5 Kd6 0-1

[Event "73. Bezirkseinzelmeisterschaft 2018-19"]
[Site "Dortmund"]
[Date "2019.08.14"]
[Round "3.16"]
[White "Maghrbi, Bassam"]
[Black "Kommessin, Felix"]
[Result "0-1"]
[WhiteElo "1207"]
[BlackElo "1242"]
[PlyCount "97"]
[EventDate "2019.??.??"]
[WhiteTeam "FS 98 Dortmund"]
[BlackTeam "SF Brackel"]

1. d4 d5 2. Bf4 Nf6 3. e3 Bg4 4. Be2 Bxe2 5. Nxe2 e6 6. a3 Bd6 7. O-O O-O 8. c3
Bxf4 9. Nxf4 Nbd7 10. Nd2 c5 11. Nh5 g6 12. Nf4 c4 13. Nf3 Ne4 14. Qc2 Qc7 15.
Nd2 Ndf6 16. f3 Nd6 17. Nh3 b5 18. e4 dxe4 19. fxe4 Nd7 20. e5 Nf5 21. Qe4 Qd8
22. Rf4 Qe7 23. Raf1 a5 24. Ra1 Nb6 25. Nf2 Nd5 26. Rf3 Qg5 27. Nf1 b4 28. Nh3
Qe7 29. Nf4 Nxf4 30. Rxf4 bxc3 31. bxc3 Rab8 32. Nd2 Rfc8 33. Qe2 Rb2 34. Qe1
Qg5 35. Rf2 Qe3 36. Ne4 Qxe1+ 37. Rxe1 Rxf2 38. Kxf2 Rb8 39. Re2 Rb3 40. Ra2
Ne7 41. Ke2 Nd5 42. Kd2 Rb1 43. Nf6+ Nxf6 44. exf6 Rf1 45. Ke3 Rxf6 46. Rf2
Rxf2 47. Kxf2 f5 48. Ke3 h6 49. Kf4 {
Rest der Partienotation nicht nachvollziehbar} 0-1

[Event "73. Bezirkseinzelmeisterschaft 2018-19"]
[Site "Dortmund"]
[Date "2019.08.14"]
[Round "3.17"]
[White "Griese, Andreas"]
[Black "Schacht, Jürgen"]
[Result "0-1"]
[WhiteElo "1170"]
[BlackElo "1462"]
[PlyCount "68"]
[EventDate "2019.??.??"]
[WhiteTeam "SC Hansa Dortmund"]
[BlackTeam "SV Rochade Eving"]

1. d4 f5 2. c4 Nf6 3. Nc3 e6 4. Nf3 b6 5. g3 Bb7 6. Bg2 Bb4 7. O-O O-O 8. Bg5
h6 9. Bf4 Bxc3 10. bxc3 d6 11. Qb3 Qd7 12. Rac1 Nc6 13. Rfd1 Na5 14. Qb4 Nc6
15. Qb3 a5 16. a4 Qe7 17. c5 Nd5 18. cxd6 cxd6 19. e3 g5 20. c4 Ndb4 21. d5
exd5 22. cxd5 Nd8 23. Nd4 gxf4 24. exf4 Rc8 25. Re1 Qf6 26. Ne6 Rf7 27. Rxc8
Bxc8 28. Rc1 Bxe6 29. dxe6 Nxe6 30. Rc8+ Kg7 31. Bf1 Rc7 32. Re8 d5 33. Qe3 Nd4
34. Qe5 Nf3+ 0-1

[Event "73. Bezirkseinzelmeisterschaft 2018-19"]
[Site "Dortmund"]
[Date "2019.08.14"]
[Round "3.18"]
[White "Winkler, Daniel"]
[Black "Rabe, Mark"]
[Result "1-0"]
[WhiteElo "1364"]
[BlackElo "1134"]
[PlyCount "47"]
[EventDate "2019.??.??"]
[WhiteTeam "SV Eichlinghofen"]
[BlackTeam "FS 98 Dortmund"]

1. e4 b6 2. d4 Bb7 3. Nc3 e6 4. Bd3 Bb4 5. Nge2 Nc6 6. a3 Be7 7. O-O d6 8. b4
Bf6 9. Be3 Nge7 10. f4 Qd7 11. e5 dxe5 12. fxe5 Nxe5 13. dxe5 Bxe5 14. Bb5 c6
15. Qxd7+ Kxd7 16. Rad1+ Kc7 17. Rxf7 Bf6 18. Bf4+ Kc8 19. Bc4 e5 20. Bxe5 Bxe5
21. Rxe7 Bf6 22. Rf7 Re8 23. Rdd7 Rb8 24. Rc7+ 1-0

[Event "73. Bezirkseinzelmeisterschaft 2018-19"]
[Site "Dortmund"]
[Date "2019.08.14"]
[Round "3.19"]
[White "Richter, Tim"]
[Black "Dementyev, Sergei"]
[Result "0-1"]
[WhiteElo "1276"]
[BlackElo "846"]
[PlyCount "99"]
[EventDate "2019.??.??"]
[WhiteTeam "SV Eichlinghofen"]
[BlackTeam "SF Brackel"]

1. c4 Nc6 2. Nf3 e5 3. Nc3 Nf6 4. d3 Bb4 5. Bd2 O-O 6. a3 Bxc3 7. Bxc3 d6 8. e3
Bg4 9. Be2 e4 10. Nd2 Bf5 11. d4 d5 12. c5 Qd7 13. h3 Ne7 14. g4 Be6 15. f4
exf3 16. Bxf3 Qb5 17. Be2 Qc6 18. b4 a6 19. Rb1 b5 20. Bd3 Ne4 21. Bxe4 dxe4
22. Nf1 Nd5 23. Bd2 f5 24. g5 Bd7 25. Ng3 Ne7 26. Ne2 Qg6 27. h4 Nd5 28. Nf4
Nxf4 29. exf4 Bc6 30. Be3 Rad8 31. Rb2 Qe6 32. Qb3 Bd5 33. Qc3 Bc4 34. Rg2 Qc6
35. Kf2 Bd3 36. Kg3 Qg6 37. h5 Qe6 38. Rb2 c6 39. Qb3 Bc4 40. Qc3 Qf7 41. Rbh2
g6 42. hxg6 Qxg6 43. Rh6 Qe8 44. Rxh7 Rd7 45. g6 $2 Qxg6+ 46. Kf2 Rxh7 47. Rg1
Rh2+ 48. Ke1 Rh1 49. Rxh1 Qg3+ 50. Bf2 $4 0-1

[Event "73. Bezirkseinzelmeisterschaft 2018-19"]
[Site "Dortmund"]
[Date "2019.08.14"]
[Round "3.20"]
[White "Ait Khouya, Muhammad"]
[Black "Sahakyan, Tigran"]
[Result "0-1"]
[WhiteElo "1015"]
[BlackElo "1172"]
[PlyCount "74"]
[EventDate "2019.??.??"]
[WhiteTeam "SF Brackel"]
[BlackTeam "SF Brackel"]

1. e4 e5 2. Nf3 Nc6 3. Bc4 Bc5 4. b4 Bxb4 5. c3 Bc5 6. d4 exd4 7. O-O h6 8.
cxd4 Bb6 9. Nc3 d6 10. Bb2 Bg4 11. h3 Bh5 12. Re1 Nxd4 13. g4 Nxf3+ 14. Qxf3
Bg6 15. e5 Ne7 16. h4 O-O 17. Qxb7 dxe5 18. Rxe5 Bd4 19. Rd1 Bc2 20. Rd2 Rb8
21. Qf3 Rxb2 22. Rde2 Rb4 23. Rxc2 Rxc4 24. Ree2 c5 25. Nb5 Rxc2 26. Rxc2 Qb6
27. Nxd4 cxd4 28. g5 Qb1+ 29. Kg2 Qxc2 30. gxh6 Qg6+ 31. Kf1 Qxh6 32. Qb7 Nf5
33. Qxa7 Rc8 34. Qd7 Rc1+ 35. Kg2 Nxh4+ 36. Kg3 Rg1+ 37. Kh2 Nf3# 0-1

[Event "73. Bezirkseinzelmeisterschaft 2018-19"]
[Site "Dortmund"]
[Date "2019.08.15"]
[Round "4.1"]
[White "Schulz-Runge, Michael"]
[Black "Luft, Dennis"]
[Result "0-1"]
[WhiteElo "1758"]
[BlackElo "2299"]
[PlyCount "100"]
[EventDate "2019.??.??"]
[WhiteTeam "FS 98 Dortmund"]
[BlackTeam "SF Brackel"]

1. c4 e6 2. g3 d5 3. Bg2 Nf6 4. Nf3 Be7 5. O-O O-O 6. b3 c5 7. e3 b6 8. Bb2 Bb7
9. Qc2 Nc6 10. a3 Rc8 11. d3 Qc7 12. Nbd2 Rfd8 13. Bh3 d4 14. Ng5 Ne5 15. e4
Neg4 16. Qd1 h5 17. Ndf3 Nd7 18. Bc1 Qc6 19. Bg2 f6 20. Nh3 e5 21. Nh4 Bf8 22.
Bf3 Qe6 23. Nf5 g6 24. Bxg4 hxg4 25. Qxg4 Kf7 26. f4 gxf5 27. Qh5+ Ke7 28. fxe5
Nxe5 29. Nf4 Qf7 30. Qxf5 Bg7 31. b4 Rh8 32. b5 Rcd8 33. Nd5+ Bxd5 34. exd5 Qh5
35. Qe6+ Kf8 36. h4 Re8 37. Rxf6+ Bxf6 38. Qxf6+ Kg8 39. Bf4 Rh7 40. Ra2 Qd1+
41. Kg2 Qf3+ 42. Kg1 Nf7 43. Kh2 Re1 44. Rg2 Qd1 45. Kh3 Rh1+ 46. Rh2 Qf1+ 47.
Kg4 Rxh2 48. Kf5 Qh3+ 49. Kg6 Qg4+ 50. Bg5 Rh6# 0-1

[Event "73. Bezirkseinzelmeisterschaft 2018-19"]
[Site "Dortmund"]
[Date "2019.08.15"]
[Round "4.2"]
[White "Alghawi, Abdullah"]
[Black "Slanina, Aaron"]
[Result "0-1"]
[WhiteElo "1906"]
[BlackElo "1808"]
[PlyCount "120"]
[EventDate "2019.??.??"]
[WhiteTeam "FS 98 Dortmund"]
[BlackTeam "SF Brackel"]

1. e4 e5 2. Nf3 Nc6 3. Bb5 a6 4. Ba4 Nf6 5. O-O b5 6. Bb3 Be7 7. d3 d6 8. c3
O-O 9. Nbd2 Na5 10. Bc2 c5 11. Re1 Re8 12. Nf1 Bf8 13. Ng3 g6 14. h3 Bg7 15. a4
Bd7 16. d4 h6 17. d5 c4 18. Nh2 Qc7 19. Ng4 Nxg4 20. hxg4 Nb7 21. g5 hxg5 22.
Bxg5 f6 23. Be3 Nc5 24. a5 Kf7 25. f4 Bh6 26. Rf1 Kg7 27. Qd2 Rh8 28. Rf2 Raf8
29. fxe5 dxe5 30. Bxh6+ Rxh6 31. Raf1 Rh4 32. Qe3 Qd6 33. Qd2 Nb7 34. Ra1 Qc5
35. Bd1 Nd6 36. Bf3 Rfh8 37. Re1 Nb7 38. Ra1 Kf7 39. Qe2 Ke7 40. Qd2 $11 Kd6
41. Ra3 Kc7 42. Kf1 Nd6 43. Ke2 f5 44. exf5 gxf5 45. Kd1 e4 46. Bh5 e3 47. Qd4
Qxd4+ 48. cxd4 exf2 49. Bf3 Ne4 50. Nf1 b4 51. Re3 Rh1 52. Bxe4 Rxf1+ 53. Ke2
Re1+ 54. Kxf2 Rxe3 55. Kxe3 fxe4 56. g3 Kd6 57. g4 Bxg4 58. Kd2 Kxd5 59. Ke1 e3
60. Kf1 Bf3 0-1